| 000 | 00843nam a22002297a 4500 | ||
|---|---|---|---|
| 999 |
_c706 _d706 |
||
| 003 | AR-CdUCM | ||
| 008 | 190225b ||||| |||| 00| 0 spa d | ||
| 040 |
_aMUNICIPALIDAD PROVINCIAL DEL CUSCO _cBIBLIOTECA MUNICIPAL DEL CUSCO |
||
| 082 |
_a813 / _bAB15 |
||
| 100 |
_aAbrahams, William / Gardini, Carlos ( traductor ) _92723 |
||
| 245 |
_aCuentos Norteamericanos de los años ´70 : _bLos premios O.Henry / _cAbrahams, William |
||
| 260 |
_aBuenos Aires : _bSudamericana, _c1984. |
||
| 300 |
_a293 paginas ; _c23cm. |
||
| 505 | _aLeonard Michaels -- Judith Rascoe -- James Salter -- Donald Barthelme -- Renata Adler... | ||
| 650 |
_aRelatos _9195 |
||
| 650 |
_aLiteraria _9834 |
||
| 650 |
_aCuentos Norteamericanos _92724 |
||
| 650 |
_aHistorias _92725 |
||
| 700 |
_aGardini, Carlos _92726 |
||
| 942 |
_2ddc _cLIBROS |
||
| 945 |
_apjha _d2019-02-25 |
||